000 00996nam a2200217 i 4500
001 161105
003 ES-MaACL
005 20250808063155.0
008 960809q19011950sp a |||| | spa d
040 _aCLM
_bspa
_cCLM
100 1 _aOrtiz de la Puebla, Vicente.
_987594
245 1 0 _aHistoria general de Francia desde la más remota antig edad hasta nuestros días
_b: tomo primero /
_credactada ... por Vicente Ortiz de la Puebla ; adórnanla unos 2000 dibujos ... debidos al lápiz de eminentes artistas como Dore ...
260 _aBarcelona :
_bEmpresa editorial "La Enciclopedia Ilustrada",
_c[s.a] (
_fImp. de Luis Tasso)
300 _a1 v. :
_bil. ;
_c27 cm.
505 8 _aContiene: T.I.- p. 9-591 ; T.II.- p.1-152
596 _aFecha de cabecera deducida de la tipografía.
651 4 _aFrancia-
_xHistoria
_98679
700 0 _aDoré, Gustave.
_945388
852 _aES-MaACL
_jC-2020
_z-- Enc. hol.
_z-- Legado M. de la Fuente
_q-- Sólo t.I
999 _c161105
_d161105